Elektronické systémy 2

Saved in:
Bibliographic Details
Main Authors: Šimek, Tomáš (Author), Bayer, Jiří (Author)
Format: Book
Language:Czech
Published: Praha : České vysoké učení technické v Praze, 1984
Edition:1. vyd.
Tags: Add Tag
No Tags, Be the first to tag this record!

MARC

LEADER 00000nam a22000003a 4500
001 stu25806
005 20150617225746.1
008 980528s1984------------------------cze-d
040 |a STU  |b slo 
041 0 |a cze 
100 1 |a Šimek, Tomáš  |4 aut 
245 1 |a Elektronické systémy 2 
250 |a 1. vyd. 
260 |a Praha :  |b České vysoké učení technické v Praze,  |c 1984 
300 |a 241 s 
700 1 |a Bayer, Jiří  |4 aut 
996 |b 284ES13316  |c E*S-22559  |l EE01  |s A  |a 24  |w stu25806_0002 
996 |b 284ES13314  |c E*S-22560  |l EE01  |s A  |a 24  |w stu25806_0003